header

The complete dinosaur (Record no. 184086)

MARC details
000 -LEADER
fixed length control field 01378nam a2200373Ia 4500
082 04 - DEWEY DECIMAL CLASSIFICATION NUMBER
Classification number 567.9
245 04 - TITLE STATEMENT
Title The complete dinosaur
250 ## - EDITION STATEMENT
Edition statement 2nd ed.
260 ## - PUBLICATION, DISTRIBUTION, ETC. (IMPRINT)
Place of publication Bloomington, Ind. :
Name of publisher Indiana University Press,
Year of publication 2012.
300 ## - PHYSICAL DESCRIPTION
Number of Pages xii, 1112 p. :
Other physical details ill.
490 1# - SERIES STATEMENT
Series statement Life of the past
500 ## - GENERAL NOTE
General note Includes index.
650 #0 - SUBJECT ADDED ENTRY--TOPICAL TERM
Topical Term Dinosaurs.
Topical Term Paleontology.
700 1# - ADDED ENTRY--PERSONAL NAME
Personal name Brett-Surman, M. K.,
Personal name Farlow, James Orville.
Personal name Holtz, Thomas R.,
856 40 - ELECTRONIC LOCATION AND ACCESS
Uniform Resource Identifier http://site.ebrary.com/lib/rucke/Doc?id=10571225

No items available.

© 2026 Rongo University
Contact us: librarian | system librarian | Rongo university